Wind Energy Basics A Guide to Small And Micro Wind Systems (Record no. 27925)

MARC details
000 -LEADER
fixed length control field 00409nam a22001697a 4500
003 - CONTROL NUMBER IDENTIFIER
control field OSt
005 - DATE AND TIME OF LATEST TRANSACTION
control field 20220126110332.0
008 - FIXED-LENGTH DATA ELEMENTS--GENERAL INFORMATION
fixed length control field 220126b |||||||| |||| 00| 0 eng d
020 ## - INTERNATIONAL STANDARD BOOK NUMBER
International Standard Book Number 1890132071
040 ## - CATALOGING SOURCE
Transcribing agency HU
082 ## - DEWEY DECIMAL CLASSIFICATION NUMBER
Classification number 621.312136
100 ## - MAIN ENTRY--PERSONAL NAME
Personal name Gipe Paul
9 (RLIN) 10649
245 ## - TITLE STATEMENT
Title Wind Energy Basics A Guide to Small And Micro Wind Systems
260 ## - PUBLICATION, DISTRIBUTION, ETC.
Place of publication, distribution, etc. USA
Name of publisher, distributor, etc. USA
300 ## - PHYSICAL DESCRIPTION
Type of unit 122
942 ## - ADDED ENTRY ELEMENTS (KOHA)
Source of classification or shelving scheme Dewey Decimal Classification
Koha item type Books like text book referance book
Suppress in OPAC No
Holdings
Withdrawn status Lost status Source of classification or shelving scheme Damaged status Not for loan Home library Current library Shelving location Date acquired Total Checkouts Full call number Barcode Date last seen Copy number Price effective from Koha item type
    Dewey Decimal Classification     IoT Library IoT Library General Stacks 01/26/2022   621.31136/GIP/1999 IOTL0007565 01/26/2022 1 01/26/2022 Books like text book referance book
    Dewey Decimal Classification     IoT Library IoT Library General Stacks 01/26/2022   621.31136/GIP/1999 IOTL0007566 01/26/2022 2 01/26/2022 Books like text book referance book
    Dewey Decimal Classification     IoT Library IoT Library General Stacks 01/26/2022   621.31136/GIP/1999 IOTL0007567 01/26/2022 3 01/26/2022 Books like text book referance book